Синтез твёрдых растворов гексаборидов La-Pr-Tb; Физико-технические проблемы в науке, промышленности и медицине

Bibliographic Details
Parent link:Физико-технические проблемы в науке, промышленности и медицине.— 2022.— [С. 60-61]
Main Author: Славинская А. В.
Corporate Author: Национальный исследовательский Томский политехнический университет Инженерная школа ядерных технологий Отделение ядерно-топливного цикла
Other Authors: Новосёлов Е. С., Журавков С. П. Сергей Петрович
Summary:Заглавие с экрана
Language:Russian
Published: 2022
Series:Ядерные установки, перспективные ядерные топливные циклы и технологии
Subjects:
Online Access:http://earchive.tpu.ru/handle/11683/74528
Format: MixedMaterials Electronic Book Chapter
KOHA link:https://koha.lib.tpu.ru/cgi-bin/koha/opac-detail.pl?biblionumber=635450

MARC

LEADER 00000naa2a2200000 4500
001 635450
005 20240117153533.0
035 |a (RuTPU)RU\TPU\conf\37303 
035 |a RU\TPU\conf\37300 
090 |a 635450 
100 |a 20230125d2022 k y0rusy50 ca 
101 0 |a rus 
102 |a RU 
105 |a y z 101zy 
135 |a drgn ---uucaa 
181 0 |a i  
182 0 |a b 
200 1 |a Синтез твёрдых растворов гексаборидов La-Pr-Tb  |f А. В. Славинская, Е. С. Новосёлов, С. П. Журавков 
203 |a Текст  |c электронный 
225 1 |a Ядерные установки, перспективные ядерные топливные циклы и технологии 
300 |a Заглавие с экрана 
320 |a Библиогр.: с. 61 (1 назв.)] 
463 0 |0 (RuTPU)RU\TPU\conf\36995  |t Физико-технические проблемы в науке, промышленности и медицине  |o сборник тезисов докладов XI Международной научно-практической конференции, г. Томск, 07–09 сентября 2022 г.  |f Национальный исследовательский Томский политехнический университет, Инженерная школа ядерных технологий ; ред. кол. А. Г. Горюнов, О. Ю. Долматов, А. О. Семенов, Е. С. Сухих  |v [С. 60-61]  |d 2022 
610 1 |a труды учёных ТПУ 
610 1 |a электронный ресурс 
610 1 |a синтез 
610 1 |a твердые растворы 
610 1 |a гексабориды 
610 1 |a инфракрасные излучения 
610 1 |a конструкционные материалы 
700 1 |a Славинская  |b А. В. 
701 1 |a Новосёлов  |b Е. С. 
701 1 |a Журавков  |b С. П.  |c химик  |c ведущий научный сотрудник, доцент Томского политехнического университета, кандидат химических наук  |f 1961-  |g Сергей Петрович  |3 (RuTPU)RU\TPU\pers\28225  |9 13178 
712 0 2 |a Национальный исследовательский Томский политехнический университет  |b Инженерная школа ядерных технологий  |b Отделение ядерно-топливного цикла  |3 (RuTPU)RU\TPU\col\23554 
801 2 |a RU  |b 63413507  |c 20230201  |g RCR 
856 4 |u http://earchive.tpu.ru/handle/11683/74528 
942 |c BK